LEADER 01054naa a2200229 u 4500 001 000000095564 003 CaOOAMICUS 005 20070226130143.0 008 040705s1986 it u000 u ita u 020 $a8806593412 035 $a11002982 040 $aIAR$bita 100 1 $aStumpo, Enrico.$0(OLS)http://pul/name/61220 245 13$aIl consolidamento della grande proprietà ecclesiastica nell'età della Controriforma /$cEnrico Stumpo. 260 $aTorino :$bGiulio Einaudi,$c1986. 300 $aS. 265-293, ;$c22 cm 651 4$aItalia$xStoria ecclesiastica$xSec. XVI-XVIII.$0(OLS)http://pul/subject/12903 773 0 $aStoria d'Italia (Giulio Einaudi ed.)$gAnnali 9. 773 0 $tStoria d'Italia. Annali. 9, La Chiesa e il potere politico dal Medioevo all'età contemporanea$w()28851 996 $6020$a8806593412$9(OLS)http://pul/number/35870 996 $6245$aIl consolidamento della grande proprietà ecclesiastica nell'età della Controriforma$9(OLS)http://pul/title/122441 996 $6260$aTorino :$bGiulio Einaudi$9(OLS)http://pul/publisher/54573 LEADER 01076nam a2200277 a 4500 001 000000142955 003 CaOOAMICUS 005 20150422130053.0 008 150422s1959 it a u000 u ita r 040 $aPUL$bita 100 1 $aVanti, Mario,$cM.I.$0(OLS)http://pul/name/21373 245 13$aLo spirito di s. Camillo de Lellis /$cMario Vanti. 250 $a3. ed. 260 $aRoma :$bColetti,$c1959. 300 $a466 p. :$bill. ;$c16 cm 500 $aInclude indici. 600 04$aCamillus de Lellis,$cs.,$d1550-1614.$0(OLS)http://pul/subject/4145 850 $aPUL 852 $aPUL$W1$xDP1 Religione 1$y20$m633 G 60$j164996$qStampati$B165262$CPULBib$Z2$F165262 $H62414 $82 941 1 $a8 960 $aCamillo de Lellis,$cs.,$d1550-1614? $94145 960 $aDe Lellis, Camillo,$cM.I.,$d1550-1614? $94145 961 $aInclude dedica al Mons. Coletti del 15 VII 1959. 996 $6245$aLo spirito di s. Camillo de Lellis$9(OLS)http://pul/title/180931 996 $6260$aRoma :$bColetti$9(OLS)http://pul/publisher/47921